000 00775nam a22002537a 4500
003 0
005 20180806131259.0
008 0
010 _aB-163337
020 _c395.00
_a979817223565800395
035 _aB-163337, B-163338
037 _bCen Lib/Ret
040 _aDPL
_bEN
_c0
082 _a174.4
_bGUP
100 _aGupta, Dipankar
_917823
245 _aEthics incorporated top priority and bottom line /
_cby Dipnakar Gupta
260 _aNew Delhi
_bHarper Coolins Publishers
_c2004
270 _bNew Delhi
_a1A Hamilton House Connaught Place
_e110001
300 _a220p.
_c23cm(Hb)
500 _aIncludes bibliographical references and index
650 _aPsychology
_9104356
650 _aEthics
_x
_942124
942 _2ddc
_cEN
_h174.4
_mGUP
999 _c134906
_d134906